Normal view
MARC view
- John Hancock Callender
Entry Personal Name
001 - CONTROL NUMBER
- control field: 47482
003 - CONTROL NUMBER IDENTIFIER
- control field: NUST
005 - DATE AND TIME OF LATEST TRANSACTION
- control field: 20210314133833.0
008 - FIXED-LENGTH DATA ELEMENTS
- fixed length control field: 210314|| aca||aabn | a|a d
040 ## - CATALOGING SOURCE
- Original cataloging agency: NUST
- Transcribing agency: NUST
100 ## - HEADING--PERSONAL NAME
- Personal name: John Hancock Callender
670 ## - SOURCE DATA FOUND
- Source citation: Work cat.: (NUST): John Hancock Callender, Time-saver standards for architectural design data., [1974]
